01186cam a22002891 4500001001300000003000400013005001700017008004100034010001700075035001900092040004900111042001200160050002500172082001100197100002400208245010200232260011300334300007500447490006800522500004300590504002900633650003900662650003800701650004000739650004500779830007200824gs 57000252 DLC20260227111405.0770712s1957 nmua 000 0 eng c ags 57000252  a(OCoLC)3109158 aU.S. Geol. Survey. LibrarycTxEUdOCoLCdDLC apremarc00aTN24.N6bA232 no. 38 a557.891 aElston, Wolfgang E.00aGeology and mineral resources of Dwyer quadrangle,bGrant, Luna, and Sierra Counties, New Mexico. aSocorro,bState Bureau of Mines and Mineral Resources, New Mexico Institute of Mining and Technology,cl957. avii, 86 p.billus., maps (part fold., 1 col.) diagrs., tables.c23 cm.1 aNew Mexico. Bureau of Mines and Mineral Resources. Bulletinv38 aPart of illustrative matter in pocket. aBibliography: p.[78]-80. 0aGeologyzNew MexicozGrant County. 0aGeologyzNew MexicozLuna County. 0aGeologyzNew MexicozSierra County. 0aMines and mineral resourceszNew Mexico. 0aBulletin (New Mexico. Bureau of Mines and Mineral Resources) ;v38.